| 000 | 00364nam a2200145Ia 4500 | ||
|---|---|---|---|
| 008 | 151213s9999 xx 000 0 und d | ||
| 100 | _aPhilph L. Qurter | ||
| 245 |
_aRobert Frost . _cPhilph L. Qurter |
||
| 260 |
_aBombay _bPopular Prokashon _c1966 |
||
| 300 | _a4651 p. | ||
| 650 | _aBiography | ||
| 650 | _aEnglish | ||
| 700 | _aPhilph L. Qurter | ||
| 999 |
_c2998 _d2998 |
||